| 000 | 00424pab a2200157 454500 | ||
|---|---|---|---|
| 008 | 180718b2002 xxu||||| |||| 00| 0 eng d | ||
| 100 | _aBoehm, Ammon | ||
| 245 | _aThe functions of the social worker in empowering: the voices of consumers and professionals | ||
| 260 | _c2002 | ||
| 300 | _ap.449-60. | ||
| 362 | _aOct | ||
| 650 | _aSocial workers | ||
| 700 | _aStaples, Lee H. | ||
| 773 | _aSocial Work | ||
| 909 | _a57230 | ||
| 999 |
_c57230 _d57230 |
||